|
|
|
|
| LEADER |
01238nam a22002537a 4500 |
| 001 |
AAL8267 |
| 003 |
BD-DhAAL |
| 005 |
20160320165416.0 |
| 008 |
160320s 2015bg ||||| |||| 00| 0 ben d |
| 020 |
|
|
|a 9847000002709
|
| 040 |
|
|
|a BD-DhAAL
|c BD-DhAAL
|
| 082 |
|
|
|a 823/.914
|
| 100 |
|
|
|a স্পিলম্যান, ভ্লাদিশ্লাভ
|9 18656
|
| 245 |
|
|
|a দি পিয়ানিস্ট /
|c ভ্লাদিশ্লাভ স্পিলম্যান, খুররম মমতাজ
|
| 260 |
|
|
|a ঢাকা :
|b জাতীয় সাহিত্য প্রকাশনী,
|c ২০১৫
|
| 300 |
|
|
|a ৮০ পৃ. ;
|c ২২ সে.মি.
|
| 541 |
|
|
|e 8267
|
| 650 |
|
|
|a Pianists
|v Fiction.
|9 18657
|
| 700 |
|
|
|a মমতাজ, খুররম
|9 18658
|
| 852 |
|
|
|a Savar Campus Library
|c General Shelf
|
| 942 |
|
|
|2 ddc
|c BK
|
| 999 |
|
|
|c 37175
|d 37175
|
| 952 |
|
|
|0 0
|1 0
|2 ddc
|4 0
|6 823_000000000000000__914_SPI
|7 0
|9 58451
|a SCL
|b SCL
|c GEN
|d 2016-03-20
|g 97.00
|l 6
|m 12
|o 823.914 SPI
|p 3020008267
|r 2025-07-06
|s 2025-06-29
|t 1
|w 2016-03-20
|y BK
|
| 952 |
|
|
|0 0
|1 3
|2 ddc
|4 0
|6 823_000000000000000__914_SPI
|7 0
|9 58452
|a SCL
|b SCL
|c GEN
|d 2016-03-20
|g 97.00
|l 4
|m 8
|o 823.914 SPI
|p 3020008266
|r 2017-07-31
|s 2017-07-15
|t 2
|w 2016-03-20
|y BK
|